Country by beer [pic] - Statistics

General Stats
  • This quiz has been taken 62 times
  • The average score is 9 of 16
Answer Stats
Picture Answer % Correct
Mexico
96%
Canada
84%
Japan
75%
Ireland
74%
Russia
72%
Thailand
72%
Spain
70%
Czechia
63%
India
58%
Poland
56%
Belgium
47%
Israel
42%
Argentina
39%
Iceland
39%
New Zealand
30%
Finland
25%
No matching quizzes found
Score Distribution
Percent of People with Each Score
Percentile by Number Answered
Your Score History
You have not taken this quiz